|
|
|
|
| LEADER |
00000nam a2200000 a 4500 |
| 001 |
vtls001199549 |
| 003 |
SK-MaSNL |
| 005 |
20260301112403.0 |
| 008 |
250414s1987 xo 0 slo |
| 035 |
|
|
|a SNK000142618
|
| 040 |
|
|
|a SNK
|b slo
|c SNK
|e AACR2
|
| 041 |
0 |
|
|a slo
|
| 044 |
|
|
|a xo
|c SK
|
| 080 |
|
|
|a 908.474.2(084.12)
|2 1981
|
| 100 |
1 |
|
|a Blažej, Ján
|4 aut
|9 5436
|
| 245 |
1 |
0 |
|a ZSSR. Estónska sovietska socialistická republika
|c Ján Blažej ; Peter Jackanin, Alexander Jiroušek, J. Blažej, Miroslav Tuleja
|
| 250 |
|
|
|a 1. vyd.
|
| 260 |
|
|
|a Bratislava
|b s.n.
|c 1987
|e Skalica
|f Grafobal
|
| 300 |
|
|
|a 10 s.
|c 30x21 cm.
|
| 366 |
|
|
|e 5 000 výtl.
|
| 500 |
|
|
|a Názorná agitácia. 1 s. textu a 9 s. fareb. fot. s textom v prebale. Pre potr. ústred. polit. propagácie. Nepredajné.
|
| 500 |
|
|
|a Graf. úpr. Peter Jackanin. Fot. TASS, APN, Planeta, J. Blažej, A. Jiroušek, M. Tuleja.
|
| 655 |
|
7 |
|a názorná agitácia
|2 SNK
|9 73126
|
| 700 |
1 |
|
|a Jackanin, Peter
|4 oth
|9 429191
|
| 700 |
1 |
|
|a Jiroušek, Alexander,
|d 1934-2021
|4 oth
|9 223957
|
| 700 |
1 |
|
|a Blažej, J.
|4 oth
|9 453043
|
| 700 |
1 |
|
|a Tuleja, Miroslav,
|d 1942-
|4 oth
|9 227565
|
| 852 |
|
|
|a Slovenská národná knižnica
|
| 954 |
|
|
|a Estónska sovietska socialistická republika
|
| 958 |
|
|
|a OND
|
| 958 |
|
|
|a TL
|
| 999 |
|
|
|c 710334
|d 712264
|
| 952 |
|
|
|t P60, <04>, [BOOK], {604}
|a SNK
|b SNK
|y VYP
|7 0
|p 17A0186384
|o snkOSB 6917 D1
|0 0
|1 0
|4 0
|d 1999-03-23
|l 0
|r 2005-01-01 00:00:00
|w 2026-02-23
|